[Event "BAN-ch (Women) 37th"]
[Site "Dhaka"]
[Date "2017.08.28"]
[Round "9"]
[White "Tahmina, Akter Tisha"]
[Black "Hamid, Rani"]
[Result "0-1"]
[WhiteElo "1669"]
[BlackElo "1953"]
[PlyCount "128"]
[EventDate "2017.08.20"]
[EventType "swiss"]
[EventRounds "9"]
[EventCountry "BAN"]
[SourceTitle "CBM 180 Extra"]
[Source "ChessBase"]
[SourceDate "2017.10.06"]
[SourceVersion "1"]
[SourceVersionDate "2017.10.06"]
[SourceQuality "1"]

1. e4 c5 2. Nf3 e6 3. d4 cxd4 4. Nxd4 a6 5. Nc3 Qc7 6. Bd3 Nf6 7. 0-0 Be7 8. Be3 b5 9. a3 Bb7 10. f4 d6 11. f5 e5 12. Nb3 Nbd7 13. Qe2 0-0 14. Kh1 Rac8 15. Bd2 Nc5 16. Rac1 Rfe8 17. Rfe1 h6 18. Qf3 Nh7 19. Qg3 Kh8 20. Rf1 Qd8 21. Nxc5 dxc5 22. Rcd1 Bf6 23. Bc1 Qe7 24. Be2 Rcd8 25. Nd5 Bxd5 26. Rxd5 Rxd5 27. exd5 c4 28. c3 Rd8 29. Rd1 Bg5 30. Bxg5 Nxg5 31. Qe3 Qf6 32. h4 Nh7 33. Qe4 Nf8 34. g3 Rd6 35. Kg2 Nd7 36. Qf3 Qe7 37. h5 Nf6 38. g4 e4 39. Qf4 Rxd5 40. Rxd5 Nxd5 41. Qg3 Kh7 42. Kh3 Qg5 43. Qf2 Qd2 44. Kg3 Qxb2 45. f6 Qxc3+ 46. Kh2 Qxf6 47. Qxf6 Nxf6 48. Bd1 Kg8 49. Kg3 Kf8 50. Kf4 Ke7 51. Ke3 Ke6 52. Kd4 Kd6 53. Be2 Nd5 54. Bd1 a5 55. Bc2 e3 56. Bd1 a4 57. Be2 c3 58. Kd3 Kc5 59. Kc2 Nf4 60. Kb1 Nxe2 61. Kc2 Kc4 62. g5 Nd4+ 63. Kd1 c2+ 64. Kc1 Kc3 0-1